000
00322nam a22001457a 4500
003
SGT
020
_a
9789351431428
082
_a
342
_b
BAS
100
_a
BASU , DURGA DAS
245
_a
COMPARATIVE CONSTITUTIONAL LAW
250
_a
3
260
_a
GURGAON
_b
LEXIS NEXIS
_c
2022
300
_a
XLIII ,459
942
_2
ddc
_c
BK
_0
3
999
_c
23005
_d
23005